000 00785nam a2200277Ia 4500
003 OSt
005 20220918223451.0
006 a|||||r|||| 00| 0
007 ta
008 220917b |||||||| |||| 00| 0 eng d
024 _a222,864
037 _cTextual
040 _aARTS
_cARTS
_beng
041 _2eng
_aeng
082 _aP, P4
100 _aDirven Rene Ed.
_966967
245 0 _aCognitive exploration of language and linguistics
250 _a2nd
260 _aAmsterdam
_bJohn Benjamins pub. co.
_c2004
300 _axii, 277p
_ccm.
490 _aCognitive linguisitics in practice
650 _aLINGUISTICS
700 _a Verspoor Marjolijn Ed.
_9145836
942 _hP, P4
_cTEXL
_2CC
999 _c278589
_d278589